000 00626cam a2200145 4500500
005 20260208005947.0
041 _afre
042 _adc
100 1 0 _aRomestaing, Alain
_eauthor
245 0 0 _aJEAN GIONO, Colline. Édition critique et édition diplomatique du manuscrit ms A 9811 établies par MICHEL GRAMAIN. Paris, Champion, 2006. Un vol. de 535 p.
260 _c2009.
500 _a8
786 0 _nRevue d'histoire littéraire de la France | 109 | 1 | 2009-02-17 | p. 211o-253o | 0035-2411
856 4 1 _uhttps://shs.cairn.info/revue-d-histoire-litteraire-de-la-france-2009-1-page-211o?lang=fr&redirect-ssocas=7080
999 _c1654567
_d1654567